College Quizbowl Stats
College Quizbowl Stats
Circuits
Seasons
Sets
Records
Detailed Stats
About
Loading...
2023 NASAT
Tossups
Bonuses
Players
Teams
Categories (Tossup)
Categories (Bonus)
Simeon Barclay
N/A
Categories
Category
Powers
Gets
Negs
BBs
Points
Earliest Buzz
Avg. Buzz
First Buzzes
Top 3 Buzzes
Science - Chemistry
0
1
0
0
10
120
120.00
0
0
Art - Other
0
0
0
0
0
0.00
0
0
Geography - Europe
0
0
0
0
0
0.00
0
0
History - European
0
0
0
0
0
0.00
0
0
Science - Biology
0
0
1
0
-5
0.00
0
0
Buzzes
Category
Answer
Value
Buzz Position
Science - Biology
lungs
-5
14
Science - Chemistry
fluorescence
10
120
Geography - Europe
Montenegro
0
122
Art - Other
Andes
0
143
Art - Other
Leonard Cohen
0
150
History - European
Rurik dynasty
0
150
Previous
1
Next